| 000 | 00386nam a2200157Ia 4500 | ||
|---|---|---|---|
| 100 | _aFiore/ J.M. | ||
| 650 | _aElectrical Engineering | ||
| 250 | _a4 | ||
| 942 | _cBK | ||
| 654 | _aoperational | ||
| 245 | _aOperational Amplifiers and Linear Intergrated CircuitsTheory of Applications | ||
| 260 |
_bJaico _aBombay _c1993 |
||
| 082 | _a621.3815 | ||
| 300 | _a502 | ||
| 546 | _aENGLISH | ||
| 999 |
_c33356 _d33356 |
||